LAPURAN keadaan semasa projek-projek hutan lipur di negeri Pahang

Bibliographic Details
Corporate Author: Pahang
Format: Book
Published: Kuantan, Pahang : Pejabat Hutan Negeri , 1981
Subjects:

MARC

LEADER 00000cam a2200000 7i4500
001 0000001745
005 20011112.0
090 0 0 |a 333.78409595123   |b LAP 1981 
245 0 0 |a LAPURAN keadaan semasa projek-projek hutan lipur di negeri Pahang 
260 0 0 |a Kuantan, Pahang :   |b Pejabat Hutan Negeri ,   |c 1981 
300 |a Unnumbered :   |b maps ;   |c 30 cm. 
650 0 0 |a Forest reserves   |x Recreational use 
710 1 1 |a Pahang ,   |c Pejabat Hutan Negeri 
998 |a JPSM 
999 |a 0000002677   |b Monograph   |c Open Shelf   |e Default branch